000 01310nam a2200337 c 4500
999 _c342547
_d342547
003 BLK
005 20240316005343.0
008 180911b bul|||||r ||||||| ||bul||
010 _a002196
040 _aBLK
041 _aBUL
_cBUL
080 _aСборник
_x92
_z886.7(092)92
100 1 _aРОСЕН, Петко
_eпърви автор
_9396782
245 0 0 _aНа Енювден
246 _aЛит. сенки и силуети
260 _aСофия
_bХемус
_c1928
_fХудожник
300 _a159 с
_c21 см
380 _a82
490 _aЧастна колекция - Академик Михаил Арнаудов
_gДарение - Основен фонд
500 _aАвтограф с текст: На любимия приятел М. Арнаудов сърдечен спомен 27 VII 928 П. Росен; ; Подчертавания в текста;
650 4 _aбългарски биографии
_9398338
650 0 _aСборници
_9396392
650 _aКритика
_9159735
655 _aбългарско литературознание
_9396216
700 1 _aПетко Росен
_9398339
852 _aМА 1603
_bМА
942 _cKNG
_n0
_s1
944 _aCR
_c1996
_k
_lCRON CRON
999 _d342547
999 _d342547